000 00840nam2a22002291 4500
001 RU\NLR\A1SV\100998
005 20251203152403.2
035 _a(NLR Aleph) 009782351
090 _a13485722
_c13485722
100 _a20100209d1924 u y0rusy50 ca
101 0 _arus
200 0 _aСб. № 2
210 _d[1924]
215 _a307 с.
461 1 _1001RU\NLR\A1SV\100996
_12000#$aПеревал$e[Альманах]$fПод ред. Артема Веселого [и др.]$gПри ред. журн. Красная новь$vСб. № 2
_910100917
_cМ.
_d[1925]
_fПод ред. Артема Веселого [и др.]
_nГос. изд-во
_o[Альманах]
_tПеревал
_vСб. № 2
801 0 _aRU
_bNLR
_c20100209
852 _aNLR
_j10/248-2
852 _aNLR
_j89-5/4605-2
942 _cBOOK
980 _aA1SV
980 _aNB